[Event "GRE-ch U14"]
[Site "Rio Achaia"]
[Date "2018.07.09"]
[Round "9"]
[White "Kollias, Dimitrios"]
[Black "Dalampekis, Ignatios"]
[Result "1-0"]
[WhiteElo "1460"]
[BlackElo "1624"]
[PlyCount "89"]
[EventDate "2018.07.03"]
[EventType "swiss"]
[EventRounds "9"]
[EventCountry "GRE"]
[SourceTitle "EXT 2019"]
[Source "ChessBase"]
[SourceDate "2018.10.10"]
[SourceVersion "1"]
[SourceVersionDate "2018.10.10"]
[SourceQuality "1"]

1. e4 e6 2. d4 d5 3. exd5 exd5 4. Bd3 Bd6 5. Ne2 Ne7 6. 0-0 0-0 7. Nd2 Bg4 8. c4 c6 9. Re1 Nd7 10. c5 Bc7 11. b4 Re8 12. Qc2 Ng6 13. Nf1 Qf6 14. Be3 Ndf8 15. Rab1 Nh4 16. Nd2 Nf5 17. Nf1 Nh4 18. Nd2 Nfg6 19. h3 Bc8 20. Ng3 Bxg3 21. fxg3 Nf5 22. Bf2 Bd7 23. Nf3 Nfe7 24. g4 h6 25. Bg3 Nf4 26. Ne5 Be6 27. Rf1 g5 28. Rf2 Qg7 29. Bxf4 gxf4 30. Rxf4 f6 31. Nf3 Bf7 32. Nh4 Qg5 33. Qf2 Kg7 34. Rf1 Ng8 35. Nf5+ Kh8 36. Nd6 Re7 37. h4 Qg7 38. Nf5 Qf8 39. Nxe7 Qxe7 40. g5 hxg5 41. hxg5 fxg5 42. Rxf7 Nf6 43. Rxe7 Rf8 44. Qxf6+ Rxf6 45. Rxf6 1-0

[Event "GRE-ch U14"]
[Site "Rio Achaia"]
[Date "2018.07.07"]
[Round "7"]
[White "Dalampekis, Ignatios"]
[Black "Gavriil, Odysseas Panagiotis"]
[Result "1/2-1/2"]
[WhiteElo "1624"]
[BlackElo "1910"]
[PlyCount "60"]
[EventDate "2018.07.03"]
[EventType "swiss"]
[EventRounds "9"]
[EventCountry "GRE"]
[SourceTitle "EXT 2019"]
[Source "ChessBase"]
[SourceDate "2018.10.10"]
[SourceVersion "1"]
[SourceVersionDate "2018.10.10"]
[SourceQuality "1"]

1. d4 Nf6 2. Nf3 d6 3. c4 g6 4. e3 Bg7 5. Be2 0-0 6. Nc3 Nbd7 7. 0-0 Re8 8. Qc2 e5 9. Rd1 e4 10. Nd2 Qe7 11. b4 h5 12. a4 Nf8 13. a5 N8h7 14. a6 Ng5 15. axb7 Bxb7 16. Ra5 Bh6 17. Nb3 Ng4 18. h3 Nf3+ 19. Bxf3 exf3 20. e4 Bxc1 21. Nxc1 Nf6 22. gxf3 Bc8 23. Kg2 Nh7 24. N1e2 Qh4 25. Rh1 Ng5 26. Ng1 Ne6 27. Nge2 Ng5 28. Ng1 Ne6 29. Nge2 Ng5 30. Ng1 Ne6 1/2-1/2

[Event "GRE-ch U14"]
[Site "Rio Achaia"]
[Date "2018.07.06"]
[Round "5"]
[White "Dalampekis, Ignatios"]
[Black "Skandamis, Nikolaos"]
[Result "1-0"]
[WhiteElo "1624"]
[BlackElo "1270"]
[PlyCount "83"]
[EventDate "2018.07.03"]
[EventType "swiss"]
[EventRounds "9"]
[EventCountry "GRE"]
[SourceTitle "EXT 2019"]
[Source "ChessBase"]
[SourceDate "2018.10.10"]
[SourceVersion "1"]
[SourceVersionDate "2018.10.10"]
[SourceQuality "1"]

1. d4 Nf6 2. c4 e6 3. Nf3 d5 4. Nc3 Bb4 5. Qa4+ Nc6 6. e3 0-0 7. Qc2 Ne7 8. a3 Bxc3+ 9. bxc3 b6 10. Bd3 Bb7 11. cxd5 Bxd5 12. e4 Bb7 13. e5 Nd7 14. Bxh7+ Kh8 15. Be4 Bxe4 16. Qxe4 Ng6 17. h4 f5 18. Qe2 Kg8 19. Ng5 Re8 20. h5 Nh8 21. h6 g6 22. Nh3 c5 23. g4 cxd4 24. gxf5 exf5 25. Qc4+ Kf8 26. cxd4 Rc8 27. Qb3 Qh4 28. Be3 Qe4 29. 0-0 Qg4+ 30. Kh2 Qh5 31. Qb4+ Kf7 32. Rac1 Rxc1 33. Rxc1 Kg8 34. Rc7 Rd8 35. Qe7 Nf7 36. e6 Nxh6 37. Qxd8+ Nf8 38. Bxh6 Qxh6 39. e7 g5 40. exf8Q+ Qxf8 41. Qxg5+ Kh8 42. Qh5+ 1-0

[Event "GRE-ch U14"]
[Site "Rio Achaia"]
[Date "2018.07.06"]
[Round "6"]
[White "Koutsaftis, Efstratios"]
[Black "Dalampekis, Ignatios"]
[Result "1/2-1/2"]
[WhiteElo "1613"]
[BlackElo "1624"]
[PlyCount "69"]
[EventDate "2018.07.03"]
[EventType "swiss"]
[EventRounds "9"]
[EventCountry "GRE"]
[SourceTitle "EXT 2019"]
[Source "ChessBase"]
[SourceDate "2018.10.10"]
[SourceVersion "1"]
[SourceVersionDate "2018.10.10"]
[SourceQuality "1"]

1. e4 e6 2. d4 d5 3. Nd2 c5 4. exd5 Qxd5 5. Ngf3 cxd4 6. Bc4 Qd8 7. 0-0 Nc6 8. Nb3 a6 9. Nbxd4 Nxd4 10. Qxd4 Qxd4 11. Nxd4 Bd6 12. Re1 Ne7 13. Be3 h6 14. Rad1 Bc7 15. Be2 Bd7 16. Bf3 0-0-0 17. Rd3 e5 18. Rb3 b5 19. Ne2 Bc6 20. Bxc6 Nxc6 21. Nc1 Rd5 22. Rd3 Rhd8 23. Red1 Nb4 24. Rxd5 Nxd5 25. c3 Kb7 26. Nb3 Kc6 27. Na1 a5 28. Nc2 f5 29. Bc1 Bb6 30. Ne3 Nxe3 31. Rxd8 Bxd8 32. fxe3 Kd5 33. Kf2 Ke4 34. Ke2 Bb6 35. b3 1/2-1/2

[Event "GRE-ch U14"]
[Site "Rio Achaia"]
[Date "2018.07.04"]
[Round "2"]
[White "Betsos, Nikolaos Evangelos"]
[Black "Dalampekis, Ignatios"]
[Result "0-1"]
[WhiteElo "1327"]
[BlackElo "1624"]
[PlyCount "90"]
[EventDate "2018.07.03"]
[EventType "swiss"]
[EventRounds "9"]
[EventCountry "GRE"]
[SourceTitle "EXT 2019"]
[Source "ChessBase"]
[SourceDate "2018.10.10"]
[SourceVersion "1"]
[SourceVersionDate "2018.10.10"]
[SourceQuality "1"]

1. d4 d5 2. c4 c6 3. cxd5 cxd5 4. Nc3 Nf6 5. Bf4 Nc6 6. e3 e6 7. a3 a6 8. Nf3 Be7 9. Bd3 Nh5 10. Bg3 g6 11. Qc2 Bd7 12. Rc1 Rc8 13. Qd1 0-0 14. 0-0 Nxg3 15. hxg3 Na5 16. Nd2 b5 17. b4 Nc4 18. Nxc4 bxc4 19. Bc2 a5 20. Rb1 Rb8 21. Na2 axb4 22. Nxb4 Qa5 23. Qc1 Bxb4 24. axb4 Rxb4 25. Ra1 Qb6 26. Qa3 Rb8 27. Rfb1 Rb7 28. Kf1 Kg7 29. Rxb4 Qxb4 30. Qxb4 Rxb4 31. Rb1 Rxb1+ 32. Bxb1 Ba4 33. Ke2 Bb3 34. Kd2 h5 35. Kc3 Kf6 36. Kd2 Ke7 37. Kc3 Kd6 38. e4 Kc6 39. f4 f5 40. exf5 gxf5 41. Bd3 cxd3 42. Kxb3 Kb5 43. Kc3 Ka4 44. Kxd3 Kb3 45. g4 fxg4 0-1

[Event "GRE-ch U14"]
[Site "Rio Achaia"]
[Date "2018.07.04"]
[Round "3"]
[White "Dalampekis, Ignatios"]
[Black "Topalidis, Ioannis D"]
[Result "1/2-1/2"]
[WhiteElo "1624"]
[BlackElo "1433"]
[PlyCount "67"]
[EventDate "2018.07.03"]
[EventType "swiss"]
[EventRounds "9"]
[EventCountry "GRE"]
[SourceTitle "EXT 2019"]
[Source "ChessBase"]
[SourceDate "2018.10.10"]
[SourceVersion "1"]
[SourceVersionDate "2018.10.10"]
[SourceQuality "1"]

1. d4 Nf6 2. c4 c5 3. d5 b5 4. Qc2 bxc4 5. e4 d6 6. Bxc4 Nbd7 7. Nf3 g6 8. 0-0 Bg7 9. Nc3 0-0 10. Re1 Ng4 11. Nd2 Nb6 12. Be2 Qc7 13. b3 f5 14. Bxg4 fxg4 15. Bb2 Ba6 16. Nd1 Bf6 17. Ne3 Qd7 18. Rab1 e5 19. a4 Qf7 20. Nxg4 Bg5 21. Nc4 Nxc4 22. bxc4 Bc8 23. Ne3 h5 24. Bc1 h4 25. Qe2 Bf4 26. h3 g5 27. Ng4 Bxg4 28. hxg4 Qh7 29. Rb3 Rf6 30. Qb2 Bxc1 31. Qxc1 Rf4 32. Qb1 Raf8 33. Re2 Qd7 34. f3 1/2-1/2

[Event "GRE-ch U12"]
[Site "Porto Rio"]
[Date "2016.07.01"]
[Round "6"]
[White "Kokkalis, Grigorios"]
[Black "Dalampekis, Ignatios"]
[Result "1/2-1/2"]
[WhiteElo "1298"]
[BlackElo "1460"]
[PlyCount "45"]
[EventDate "2016.06.28"]
[EventType "swiss"]
[EventRounds "9"]
[EventCountry "GRE"]
[SourceTitle "CBM 173 Extra"]
[Source "ChessBase"]
[SourceDate "2016.08.29"]
[SourceVersion "1"]
[SourceVersionDate "2016.08.29"]
[SourceQuality "1"]

1. e4 d5 2. exd5 Qxd5 3. Nf3 Bg4 4. Be2 Nf6 5. 0-0 e6 6. Re1 Be7 7. h3 Bh5 8. c3 c6 9. d3 Qd8 10. Ne5 Bg6 11. Nxg6 hxg6 12. Nd2 Nbd7 13. b4 0-0 14. Bb2 Qc7 15. Qc2 Rfd8 16. Rad1 Rac8 17. Bf1 Nb6 18. a3 a6 19. Nf3 Nfd7 20. c4 Ra8 21. Ne5 a5 22. Nxd7 Nxd7 23. Bc3 1/2-1/2

[Event "GRE-ch U12"]
[Site "Porto Rio"]
[Date "2016.06.28"]
[Round "1"]
[White "Dalampekis, Ignatios"]
[Black "Digenis, Marios"]
[Result "0-1"]
[WhiteElo "1460"]
[BlackElo "1088"]
[PlyCount "60"]
[EventDate "2016.06.28"]
[EventType "swiss"]
[EventRounds "9"]
[EventCountry "GRE"]
[SourceTitle "CBM 173 Extra"]
[Source "ChessBase"]
[SourceDate "2016.08.29"]
[SourceVersion "1"]
[SourceVersionDate "2016.08.29"]
[SourceQuality "1"]

1. d4 Nf6 2. Bf4 e6 3. e3 d5 4. Bd3 Nbd7 5. Nf3 Be7 6. c3 0-0 7. Nbd2 c5 8. 0-0 Nh5 9. Be5 Nhf6 10. Bc2 Nxe5 11. Nxe5 Nd7 12. f4 c4 13. e4 f6 14. Nxd7 Bxd7 15. e5 Qb6 16. Rb1 fxe5 17. fxe5 Rxf1+ 18. Nxf1 Rf8 19. Ng3 h6 20. Qg4 Bg5 21. Ne2 Be3+ 22. Kh1 Qxb2 23. h3 Qxc2 24. Rxb7 Qa4 25. Qg3 Qd1+ 26. Kh2 Qxe2 27. Rxd7 Bf4 28. Rxg7+ Kh8 29. Rg8+ Rxg8 30. Qxf4 Qxg2# 0-1